000 01043nam a2200313 i 4500
001 000015331
003 DO-SdBNP
005 20250320140637.0
007 ta
008 100205s2003 dr 000 0 spa d
020 _z9993403717
040 _aDO-SdBNP
_bspa
_cBNPHU
_erda
082 _a342.7293029
_bR457L, 2003
_222
100 1 _aReyes Cerda, Nelson,
_d1943-
_99301
245 1 0 _aLey constitucional dominicana a retazos /
_cNelson Reyes Cerda.
250 _a3ª edición.
264 _aSanto Domingo :
_bImpresos Guzmán,
_c2003.
300 _a391 paginas. ;
_c22 cm.
336 _2rdacontent
_atexto
_btxt
337 _2rdamedia
_asin mediación
_bn
338 _2rdacarrier
_avolumen
_bnc
590 _aInventariado, 2023/DG
650 4 _aLeyes
_zRepública Dominicana
_93033
650 4 _aInterpretación del derecho
_99302
651 4 _aRepública Dominicana
_xConstitución
_xHistoria Y Crítica
_910536
651 4 _aRepública Dominicana
_zDerecho Constitucional
_xHistoria Y Crítica
_910537
910 _aDG
942 _2ddc
_cLBS1
999 _c54917
_d54917